000 00442nam a2200133Ia 4500
008 100328s9999 xx 000 0 und d
082 _b53008
100 _aआपटे ह.ना.
245 _aकेवळ स्वराज्यासाठी
260 _bआर्यभूषण
630 _aकेवळ स्वराज्यासाठी
730 _aकेवळ स्वराज्यासाठी
942 _cBOOK
999 _c539854
_d539851